005710000a22001810004500003001100000005001700011008004100028020001500069040003900084041000800123082001600131100002100147245007300168260005200241300002600293650004000319650003000359LK-CoMWRAF20231109123519.0230817t2006 ||||| |||| 00| 0 eng d a9559102915 aLK-CoMWRAFdLK-CoMWRAFeLK-CoMWRAF aeng a323.34bSAM aSamuel, Kumudini aA Hidden History:bWomen's Activism for Peace in Sri Lanka 1982-2002 aColombo:bSocial Scientists' Association,c2006 a99 p. : ill. ; 24 cm. aWomen-Political activity-Sri Lanka. a Women's rights-Sri Lanka